Prices and market behaviour in Hungary in the early stages of transition to a market economy.

Analýza zmien v cenovej regulácii a konkurenčnej politike v Maďarsku v priebehu r. 1989 a v správaní sa štátnych podnikov od polovice 80. rokov. Štruktúra vlastníctva - zmeny v r. 1988-1989. Priame intervencie pri tvorbe cien podľa odvetví. Menová politika a liberalizácia dovozu. Dynamické aspekty s...

Descrizione completa

Salvato in:
Dettagli Bibliografici
Autore principale: Swaan, W.
Natura: Capitolo di libro
Lingua:inglese
Soggetti:
Tags: Aggiungi Tag
Nessun Tag, puoi essere il primo ad aggiungerne!!

MARC

LEADER 00000naa a2200000 4500
001 r004626
005 20221213085309.2
041 0 |a eng 
044 |a GB 
245 1 0 |a Prices and market behaviour in Hungary in the early stages of transition to a market economy.  |c W. Swaan 
520 |a Analýza zmien v cenovej regulácii a konkurenčnej politike v Maďarsku v priebehu r. 1989 a v správaní sa štátnych podnikov od polovice 80. rokov. Štruktúra vlastníctva - zmeny v r. 1988-1989. Priame intervencie pri tvorbe cien podľa odvetví. Menová politika a liberalizácia dovozu. Dynamické aspekty správania sa na trhu. Podnikové správanie sa. 
610 2 0 |a ceny 
610 2 0 |a mechanizmus trhový 
610 2 0 |a regulácia cenová 
610 2 0 |a MR 
610 2 0 |a podnik štátny 
610 2 0 |a reformy hospodárske 
610 2 0 |a konkurencia 
610 2 0 |a 1986-1989 
610 2 0 |a tvorba cien 
610 2 0 |a intervencionizmus štátny 
610 2 0 |a politika menová 
610 2 0 |a stratégia podniková 
610 2 0 |a liberalizácia 
610 2 0 |a dovoz 
100 1 |a Swaan, W.